[Event "2BLN 1718 SV Werder Bremen II - SF Berl"]
[Site "?"]
[Date "2017.12.09"]
[Round "6.5"]
[White "Chatzidakis, Mihail Dr"]
[Black "Charmeteau, Sven"]
[Result "1-0"]
[WhiteElo "2320"]
[BlackElo "2315"]
[PlyCount "105"]
[EventDate "2017.??.??"]

1. e4 c5 2. Nf3 Nc6 3. Bb5 e6 4. O-O Nge7 5. b3 Nd4 6. Nxd4 cxd4 7. Bb2 a6 8.
Bd3 Nc6 9. f4 Be7 10. c3 d6 11. Na3 Bf6 12. Nc2 dxc3 13. Bxc3 Bxc3 14. dxc3 O-O
15. c4 Qf6 16. Qe1 Bd7 17. Qf2 Ne7 18. Rad1 Bc6 19. Ne3 Qc3 20. Bb1 Rad8 21.
Qg3 Kh8 22. Rf2 Qa5 23. f5 exf5 24. Nxf5 Nxf5 25. Rxf5 Qb6+ 26. Kh1 Qc7 27. h3
Qe7 28. Rdf1 g6 29. R5f4 Kg7 30. Qf2 f6 31. Bd3 Qe5 32. b4 Rde8 33. Qb6 Re7 34.
b5 axb5 35. cxb5 Bd7 36. a4 g5 37. R4f2 d5 38. exd5 Qxd5 39. Rxf6 Re6 40. Rxe6
Bxe6 41. Qc7+ Rf7 42. Rxf7+ Bxf7 43. Be2 Kf6 44. Bf3 Qd4 45. Bxb7 g4 46. hxg4
Qxg4 47. Qd8+ Kg7 48. Bf3 Qxa4 49. Qg5+ Bg6 50. b6 Qa1+ 51. Kh2 Qd4 52. b7 h6
53. Qe7+ 1-0

[Event "2BLN 1718 SV Werder Bremen II - SF Berl"]
[Site "?"]
[Date "2017.12.09"]
[Round "6.6"]
[White "Buchal, Stephan"]
[Black "Florstedt, Johannes"]
[Result "1/2-1/2"]
[WhiteElo "2319"]
[BlackElo "2277"]
[PlyCount "62"]
[EventDate "2017.??.??"]

1. Nf3 Nf6 2. c4 g6 3. b4 Bg7 4. Bb2 O-O 5. g3 c6 6. Bg2 d5 7. cxd5 Nxd5 8.
Bxg7 Kxg7 9. Qc1 Qb6 10. a3 a5 11. Nc3 axb4 12. axb4 Rxa1 13. Qxa1 Nxb4 14. O-O
f6 15. Rb1 N8a6 16. Qa3 Be6 17. d4 c5 18. e3 Bf7 19. dxc5 Qxc5 20. Nd4 Rc8 21.
Ne4 Qe5 22. h4 Nc2 23. Nxc2 Rxc2 24. Rxb7 Nc7 25. Rb1 h6 26. Rc1 Nb5 27. Qa1
Qxa1 28. Rxa1 f5 29. Bf1 Bc4 30. Bxc4 Rxc4 31. Ra5 Rxe4 1/2-1/2

[Event "2BLN 1718 SV Werder Bremen II - SF Berl"]
[Site "?"]
[Date "2017.12.09"]
[Round "6.7"]
[White "Priebe, Jan"]
[Black "Steffens, Olaf"]
[Result "1-0"]
[WhiteElo "2268"]
[BlackElo "2243"]
[PlyCount "37"]
[EventDate "2017.??.??"]

1. e4 a6 2. d4 b5 3. Bd3 e6 4. c3 c5 5. dxc5 Bxc5 6. Nf3 Qc7 7. O-O Nc6 8. Qe2
Nge7 9. Re1 Ng6 10. e5 f6 11. Bxg6+ hxg6 12. Qd3 Kf7 13. Bf4 Bb7 14. exf6 Qxf4
15. Qxd7+ Ne7 16. fxe7 Bxf2+ 17. Kxf2 Bxf3 18. e8=Q+ Kf6 19. Qee7+ 1-0

[Event "2BLN 1718 SV Werder Bremen II - SF Berl"]
[Site "?"]
[Date "2017.12.09"]
[Round "6.8"]
[White "Wachinger, Nikolas"]
[Black "Brettschneider, Stefan"]
[Result "0-1"]
[WhiteElo "2243"]
[BlackElo "2254"]
[PlyCount "112"]
[EventDate "2017.??.??"]

1. e4 d6 2. d4 Nf6 3. Nc3 g6 4. f4 Bg7 5. Nf3 O-O 6. e5 Nfd7 7. Bc4 Nb6 8. Bb3
Nc6 9. a4 dxe5 10. fxe5 Bg4 11. a5 Bxf3 12. gxf3 e6 13. Be3 Nd5 14. Nxd5 exd5
15. O-O Ne7 16. f4 Nf5 17. Bf2 c6 18. c3 Qd7 19. Qg4 Qe6 20. Qe2 Bh6 21. Bg3
Kh8 22. Bc2 Rae8 23. Rae1 Rg8 24. Qe3 Bf8 25. Bf2 Be7 26. Kh1 Rc8 27. b4 b5 28.
Qf3 Rg7 29. Re2 h5 30. Be1 Rh7 31. Qh3 Rg8 32. Rf3 Rgg7 33. Rg2 Kg8 34. Kg1 Kf8
35. Kf1 Ke8 36. Bf2 Kd7 37. Ke2 Bd8 38. Bxf5 Qxf5 39. Qxf5+ gxf5 40. Rfg3 Rg4
41. Kf3 Bh4 42. h3 Bxg3 43. Rxg3 Rxg3+ 44. Bxg3 h4 45. Bf2 Ke8 46. Ke2 Kf8 47.
Kf1 Rg7 48. Be1 Kg8 49. Bf2 Rg6 50. Be1 a6 51. Bf2 f6 52. exf6 Rxf6 53. Be1 Rh6
54. Kg2 Re6 55. Kf2 Kf7 56. Bd2 Rg6 0-1

[Event "2BLN 1718 SC Kreuzberg - Turm Kiel"]
[Site "?"]
[Date "2018.01.21"]
[Round "5.1"]
[White "Dziuba, Marcin"]
[Black "Lerch, Philipp"]
[Result "1-0"]
[WhiteElo "2582"]
[BlackElo "2318"]
[PlyCount "75"]
[EventDate "2018.??.??"]

1. d4 f5 2. g3 Nf6 3. Bg2 e6 4. c4 c6 5. Nf3 d5 6. O-O Bd6 7. Nc3 O-O 8. Rb1
Ne4 9. Qc2 a5 10. a3 Bd7 11. b4 Nxc3 12. Qxc3 axb4 13. axb4 b5 14. Bg5 Be7 15.
Bxe7 Qxe7 16. cxb5 cxb5 17. Qc5 Qxc5 18. bxc5 Rc8 19. Rfc1 Ra4 20. e3 Na6 21.
Ne5 Be8 22. Bf1 Nc7 23. c6 Ra5 24. Rc5 Kf8 25. Bxb5 Ke7 26. Bd3 Rxc5 27. dxc5
Ra8 28. Kg2 Kd8 29. g4 g6 30. g5 Kc8 31. Rb4 Ra5 32. Rh4 Rxc5 33. Rxh7 Bxc6 34.
Kg3 Be8 35. h4 Rc3 36. Rh8 Kb7 37. Be2 d4 38. Bf3+ 1-0

[Event "2BLN 1718 SC Kreuzberg - Turm Kiel"]
[Site "?"]
[Date "2018.01.21"]
[Round "5.2"]
[White "Glantz, Robert"]
[Black "Rasmussen, Allan Stig"]
[Result "1-0"]
[WhiteElo "2325"]
[BlackElo "2543"]
[PlyCount "77"]
[EventDate "2018.??.??"]

1. e4 c6 2. d4 d5 3. e5 Bf5 4. h4 h5 5. Bd3 Bxd3 6. Qxd3 Qa5+ 7. Nd2 e6 8. Ne2
Qa6 9. c4 Ne7 10. b3 Nd7 11. O-O Nf5 12. g3 Bb4 13. Nf3 Nb6 14. Rb1 Be7 15. Bg5
dxc4 16. bxc4 Nxc4 17. Rfc1 b5 18. Nc3 Bxg5 19. hxg5 Qa3 20. Kg2 Rd8 21. Qe4
Ne7 22. Rc2 Qa5 23. g6 fxg6 24. Ng5 Na3 25. Nxe6 Nxb1 26. Nxb1 Qb4 27. Nd2 Kf7
28. Ng5+ Kg8 29. Ndf3 h4 30. Ne6 Re8 31. g4 g5 32. Nfxg5 h3+ 33. Kh2 Nd5 34.
Rxc6 Qd2 35. Qf3 Nf4 36. Nxf4 Rh6 37. Rxh6 gxh6 38. Qd5+ Kh8 39. Ng6+ 1-0

[Event "2BLN 1718 SC Kreuzberg - Turm Kiel"]
[Site "?"]
[Date "2018.01.21"]
[Round "5.3"]
[White "Glud, Jakob Vang"]
[Black "Kalinitschew, Sergey"]
[Result "0-1"]
[WhiteElo "2523"]
[BlackElo "2408"]
[PlyCount "119"]
[EventDate "2018.??.??"]

1. c4 g6 2. g3 Bg7 3. Bg2 c5 4. Nc3 Nc6 5. a3 d6 6. Rb1 a5 7. Nf3 e5 8. O-O
Nge7 9. Ne1 Be6 10. d3 O-O 11. Nc2 Rb8 12. b4 axb4 13. axb4 b6 14. Bd2 h6 15.
b5 Nd4 16. Ne3 Kh7 17. Ra1 f5 18. Ned5 f4 19. Nxe7 Qxe7 20. e3 fxe3 21. Bxe3
Nf5 22. Bd2 Qd7 23. Ra6 Nd4 24. Be3 Bg4 25. f3 Be6 26. Qa4 Rf7 27. Ra8 Rxa8 28.
Qxa8 Nc2 29. Bd2 Nb4 30. Na4 Rf8 31. Qe4 Bf5 32. Qh4 Bxd3 33. Rc1 Qa7 34. Nb2
e4 35. fxe4 Bxb2 36. Qxh6+ Kg8 37. Qxg6+ Qg7 38. Qe6+ Rf7 39. Qc8+ Qf8 40. Qg4+
Kh8 41. Re1 Nc2 42. Rd1 Nd4 43. Re1 Rg7 44. Qh4+ Rh7 45. Qg4 Bxc4 46. e5 Be6
47. Qg5 Nf3+ 48. Bxf3 Qxf3 49. exd6 Bd4+ 50. Be3 Bxe3+ 51. Qxe3 Qxe3+ 52. Rxe3
Bd7 53. h4 Rh6 54. Rd3 Kg7 55. Kg2 Kf6 56. Kf3 Ke5 57. Re3+ Kd4 58. Re7 Rf6+
59. Kg2 Rxd6 60. h5 0-1

[Event "2BLN 1718 SC Kreuzberg - Turm Kiel"]
[Site "?"]
[Date "2018.01.21"]
[Round "5.4"]
[White "Figura, Atila Gajo"]
[Black "Hector, Jonny"]
[Result "0-1"]
[WhiteElo "2375"]
[BlackElo "2496"]
[PlyCount "80"]
[EventDate "2018.??.??"]

1. d4 d5 2. c4 c6 3. Nf3 Nf6 4. e3 Bf5 5. Nc3 e6 6. Nh4 Be4 7. f3 Bg6 8. Qb3
Qb6 9. c5 Qc7 10. Nxg6 hxg6 11. f4 b6 12. cxb6 axb6 13. Bd3 Be7 14. O-O c5 15.
Bb5+ Nc6 16. Bd2 O-O 17. Rfc1 Nd7 18. Qd1 g5 19. dxc5 bxc5 20. e4 d4 21. Ne2
gxf4 22. Bxf4 Qb7 23. a4 Nce5 24. Ng3 Ng6 25. Qd2 Nde5 26. Re1 Nxf4 27. Qxf4
Bd6 28. b3 Qe7 29. Nh5 f5 30. exf5 Rxf5 31. Qe4 Raf8 32. Ng3 Rf4 33. Qe2 Rh4
34. Rf1 Rd8 35. h3 c4 36. bxc4 d3 37. Qd2 Bb4 38. Qa2 Qg5 39. Nh1 Bc5+ 40. Nf2
Rxh3 0-1

[Event "2BLN 1718 SC Kreuzberg - Turm Kiel"]
[Site "?"]
[Date "2018.01.21"]
[Round "5.5"]
[White "Pakleza, Zbigniew"]
[Black "Thesing, Matthias"]
[Result "1-0"]
[WhiteElo "2496"]
[BlackElo "2317"]
[PlyCount "67"]
[EventDate "2018.??.??"]

1. d4 d5 2. Bf4 Nf6 3. e3 c5 4. c3 Nc6 5. Nd2 Qb6 6. Qb3 c4 7. Qc2 Bg4 8. e4 e6
9. Be2 Bxe2 10. Nxe2 Nxe4 11. Nxe4 dxe4 12. Qxe4 Qa5 13. O-O Qd5 14. Ng3 Qxe4
15. Nxe4 Be7 16. b3 cxb3 17. axb3 O-O 18. b4 b6 19. Ra6 h6 20. Rfa1 f5 21. Ng3
Rfe8 22. Kf1 g5 23. Bd2 Bf6 24. R1a3 Kh7 25. d5 exd5 26. Nxf5 Kg6 27. Ne3 Red8
28. b5 Na5 29. R3xa5 bxa5 30. c4 h5 31. Nxd5 Rxd5 32. cxd5 Rb8 33. Bxa5 Kf5 34.
d6 1-0

[Event "2BLN 1718 SC Kreuzberg - Turm Kiel"]
[Site "?"]
[Date "2018.01.21"]
[Round "5.6"]
[White "Moritz, Aron"]
[Black "Hoi, Carsten"]
[Result "0-1"]
[WhiteElo "2197"]
[BlackElo "2355"]
[PlyCount "80"]
[EventDate "2018.??.??"]

1. e4 g6 2. d4 Bg7 3. Nc3 d6 4. Be3 c6 5. Qd2 b5 6. Bd3 Nd7 7. Nf3 Nb6 8. b3
Bg4 9. a4 bxa4 10. Nxa4 Bxf3 11. gxf3 Nf6 12. Qa5 O-O 13. Ke2 Nxa4 14. Rxa4 Qd7
15. b4 Nh5 16. b5 e5 17. bxc6 Qxc6 18. d5 Qd7 19. h3 Qe7 20. Rc4 Nf4+ 21. Kd2
Qg5 22. Qc7 Qg2 23. Rb1 Rad8 24. Be2 Nxh3 25. Qxa7 Ng1 26. Rc7 Ra8 27. Qb6
Nxf3+ 28. Bxf3 Qxf3 29. Qxd6 Qxe4 30. Rbb7 Qf3 31. Ra7 Rxa7 32. Rxa7 h5 33. Ra4
Qf5 34. Qb6 e4 35. d6 Qd5+ 36. Ke2 h4 37. d7 Qxd7 38. Rxe4 Rd8 39. Qb1 Bf6 40.
c4 h3 0-1

[Event "2BLN 1718 SC Kreuzberg - Turm Kiel"]
[Site "?"]
[Date "2018.01.21"]
[Round "5.7"]
[White "Berg, Klaus"]
[Black "Lehmann, Klaus"]
[Result "0-1"]
[WhiteElo "2323"]
[BlackElo "2305"]
[PlyCount "72"]
[EventDate "2018.??.??"]

1. d4 Nf6 2. Nf3 e6 3. e3 b6 4. Bd3 Bb7 5. O-O d5 6. c4 Bd6 7. b3 Nbd7 8. Bb2
O-O 9. Nc3 a6 10. Rc1 Qe7 11. Qe2 Ne4 12. Na4 f5 13. Ne5 dxc4 14. bxc4 Nxe5 15.
dxe5 Ba3 16. Bxe4 Bxe4 17. c5 Bxb2 18. Nxb2 b5 19. a4 Bc6 20. Rfd1 bxa4 21. Nd3
Rfd8 22. Nf4 Rxd1+ 23. Qxd1 Rd8 24. Qe2 Qd7 25. h4 Qd2 26. Qc4 Bd5 27. Nxd5
exd5 28. Qc3 Qxc3 29. Rxc3 Rb8 30. Rd3 c6 31. Rd4 Rb5 32. Rxa4 a5 33. g4 fxg4
34. Rxg4 Rb4 35. f4 a4 36. Rg2 a3 0-1

[Event "2BLN 1718 SC Kreuzberg - Turm Kiel"]
[Site "?"]
[Date "2018.01.21"]
[Round "5.8"]
[White "Glienke, Manfred"]
[Black "Boe, Mads"]
[Result "1/2-1/2"]
[WhiteElo "2250"]
[BlackElo "2280"]
[PlyCount "87"]
[EventDate "2018.??.??"]

1. c4 f5 2. Nc3 Nf6 3. d3 Nc6 4. g3 g6 5. Bg2 Bg7 6. Rb1 a5 7. a3 O-O 8. b4
axb4 9. axb4 Ne5 10. Bb2 e6 11. Qb3 d6 12. d4 Nf7 13. Nf3 e5 14. dxe5 dxe5 15.
O-O c6 16. Na4 Re8 17. h4 h6 18. e3 Qc7 19. Rfe1 b6 20. Nc3 Be6 21. b5 c5 22.
e4 Rad8 23. Nd5 Bxd5 24. exd5 e4 25. Nd2 Ne5 26. Bf1 Neg4 27. f4 exf3 28. Qxf3
Nh5 29. Bxg7 Qxg7 30. Nb3 Re5 31. Bh3 Rde8 32. Rxe5 Nxe5 33. Qc3 Nf6 34. Nd2
Ned7 35. Nf3 Re4 36. Re1 Qe7 37. Rxe4 Nxe4 38. Qe1 Ne5 39. Nxe5 Qxe5 40. g4
Qd4+ 41. Kh2 Qe5+ 42. Kg1 Qd4+ 43. Kh2 Qe5+ 44. Kg1 1/2-1/2

[Event "2BLN 1718 SV Glückauf Rüdersdorf - SK"]
[Site "?"]
[Date "2018.01.21"]
[Round "5.1"]
[White "Breutigam, Martin"]
[Black "Moranda, Wojciech"]
[Result "0-1"]
[WhiteElo "2384"]
[BlackElo "2593"]
[PlyCount "86"]
[EventDate "2018.??.??"]

1. d4 Nf6 2. Nf3 g6 3. Bf4 Bg7 4. Nc3 O-O 5. e4 d6 6. Qd2 Nc6 7. O-O-O Bg4 8.
Qe3 Qc8 9. Bg5 Re8 10. Bb5 a6 11. Ba4 b5 12. Bb3 Na5 13. Bh6 Nxb3+ 14. axb3 Bh8
15. h3 Bxf3 16. gxf3 b4 17. Ne2 e5 18. dxe5 Rxe5 19. Ng3 Qe6 20. f4 Rc5 21. Kb1
Re8 22. Qd2 Rb5 23. f3 Nh5 24. Ne2 f5 25. Nd4 Bxd4 26. Qxd4 fxe4 27. fxe4 Qxe4
28. Qd2 Kf7 29. Rhe1 Rd5 30. Qf2 Rxd1+ 31. Rxd1 Qe3 32. Qg2 Qe4 33. Qf2 Nf6 34.
Qa7 Nd5 35. Qxa6 Ne3 36. Re1 Qxc2+ 37. Ka2 Nc4 38. bxc4 Rxe1 39. Qc6 Re7 40.
Bg5 Qe4 41. Qb5 Qa8+ 42. Kb3 Re3+ 43. Kc2 Qe4+ 0-1

[Event "2BLN 1718 SV Glückauf Rüdersdorf - SK"]
[Site "?"]
[Date "2018.01.21"]
[Round "5.2"]
[White "Kanarek, Marcel"]
[Black "Bredemeier, Dirk"]
[Result "1-0"]
[WhiteElo "2502"]
[BlackElo "2310"]
[PlyCount "73"]
[EventDate "2018.??.??"]

1. e4 c5 2. Nf3 e6 3. d4 cxd4 4. Nxd4 Nc6 5. Nc3 Qc7 6. Be2 a6 7. O-O Nf6 8.
Be3 Bb4 9. Na4 Be7 10. Nxc6 bxc6 11. Qd3 c5 12. c4 Bb7 13. Nc3 d6 14. f4 Nd7
15. Bf3 O-O 16. Rad1 Rfd8 17. Rd2 Rab8 18. g4 Bc6 19. g5 Rb4 20. h4 Qb7 21. b3
a5 22. h5 a4 23. Bd1 axb3 24. axb3 Rb8 25. Bc2 g6 26. hxg6 hxg6 27. Rh2 Bf8 28.
Bd2 Rxb3 29. Bxb3 Qxb3 30. Rb1 Qa3 31. Rxb8 Nxb8 32. Nd5 Qa1+ 33. Kf2 exd5 34.
Bc3 Qa2+ 35. Kg3 Qxh2+ 36. Kxh2 dxc4 37. Qh3 1-0

[Event "2BLN 1718 SV Glückauf Rüdersdorf - SK"]
[Site "?"]
[Date "2018.01.21"]
[Round "5.3"]
[White "Mueer, Sebastian"]
[Black "Steczek, Marcin"]
[Result "1/2-1/2"]
[WhiteElo "2265"]
[BlackElo "2375"]
[PlyCount "94"]
[EventDate "2018.??.??"]

1. Nf3 Nf6 2. c4 e6 3. g3 b6 4. Bg2 Bb7 5. O-O c5 6. Nc3 Be7 7. d4 cxd4 8. Qxd4
O-O 9. Rd1 d6 10. Bg5 Nbd7 11. Bxf6 Nxf6 12. Ng5 Bxg2 13. Kxg2 Qc8 14. Rac1 Rd8
15. Nge4 Qb7 16. f3 a6 17. a4 Rac8 18. b3 h6 19. Qd3 Rc6 20. Nxf6+ Bxf6 21. e4
Rdc8 22. Rc2 Be7 23. Rcd2 Rc5 24. Qd4 Qb8 25. Qe3 R5c6 26. Ne2 Bg5 27. f4 Bf6
28. Nd4 Bxd4 29. Rxd4 b5 30. axb5 axb5 31. cxb5 Rb6 32. R1d3 Rd8 33. e5 d5 34.
f5 exf5 35. Rxd5 Re8 36. Qc5 Rbe6 37. Re3 Rc8 38. Qd4 Qb7 39. Rf3 g5 40. Kg1
Rc1+ 41. Rf1 Qc7 42. Rd6 Rxf1+ 43. Kxf1 Qc1+ 44. Kg2 Qc7 45. Kg1 Qc1+ 46. Kg2
Qc7 47. Kg1 Qc1+ 1/2-1/2

[Event "2BLN 1718 SV Glückauf Rüdersdorf - SK"]
[Site "?"]
[Date "2018.01.21"]
[Round "5.4"]
[White "Dudzinski, Piotr"]
[Black "Meessen, Max"]
[Result "1/2-1/2"]
[WhiteElo "2320"]
[BlackElo "2185"]
[PlyCount "128"]
[EventDate "2018.??.??"]

1. e4 c5 2. c3 Nf6 3. e5 Nd5 4. d4 cxd4 5. cxd4 d6 6. exd6 e6 7. Nf3 Bxd6 8.
Nc3 Nxc3 9. bxc3 Qc7 10. Bd2 O-O 11. Bd3 Nd7 12. O-O b6 13. Re1 Bb7 14. h3 Bf4
15. Ng5 Nf6 16. Bxf4 Qxf4 17. Re5 h6 18. g3 Qxg5 19. Rxg5 hxg5 20. Qd2 Rac8 21.
Rc1 g4 22. hxg4 Nxg4 23. Qe2 Nf6 24. Ba6 Bxa6 25. Qxa6 Rc7 26. Kg2 Rfc8 27. Qd3
Rc4 28. Qf3 Kf8 29. Qb7 Nd5 30. Qxa7 Rxc3 31. Re1 Rc2 32. Qd7 R2c6 33. Re2 Kg8
34. Re5 R6c7 35. Qd6 Rc6 36. Qd7 R6c7 37. Qb5 Rc2 38. a4 R2c4 39. Qd7 R4c7 40.
Qd6 Rc6 41. Qd7 R6c7 42. Qb5 Rc4 43. Qa6 Kf8 44. a5 bxa5 45. Qd6+ Kg8 46. Rxe6
Nf4+ 47. gxf4 fxe6 48. Qxe6+ Kf8 49. d5 Ra8 50. f5 Rcc8 51. f6 Re8 52. fxg7+
Kxg7 53. Qg4+ Kf7 54. Qd7+ Kf6 55. f4 a4 56. Qd6+ Kf7 57. Qd7+ Kf6 58. Qc6+ Kf7
59. Qb7+ Kf6 60. Qb6+ Kf5 61. Kf3 Rab8 62. Qa7 Rb3+ 63. Kf2 Rb2+ 64. Kf3 Rb3+
1/2-1/2

[Event "2BLN 1718 SV Glückauf Rüdersdorf - SK"]
[Site "?"]
[Date "2018.01.21"]
[Round "5.5"]
[White "Reuker, Jari"]
[Black "Sroczynski, Maciej"]
[Result "1/2-1/2"]
[WhiteElo "2324"]
[BlackElo "2314"]
[PlyCount "175"]
[EventDate "2018.??.??"]

1. e4 c5 2. Nf3 d6 3. d4 cxd4 4. Nxd4 Nf6 5. Nc3 a6 6. Be2 e5 7. Nf3 Be7 8. Bg5
Nbd7 9. a4 O-O 10. O-O h6 11. Be3 b6 12. Nd2 Bb7 13. Bc4 Qc7 14. Qe2 Nc5 15. f3
Rfd8 16. Nd5 Bxd5 17. Bxd5 Nxd5 18. exd5 f5 19. b4 Nd7 20. Qd3 f4 21. Bf2 Rdc8
22. c4 a5 23. Qb3 axb4 24. Qxb4 Ra6 25. Rfc1 Rca8 26. Ne4 Nc5 27. Bxc5 bxc5 28.
Qb3 Rb8 29. Qc2 Rb4 30. Rcb1 Qa5 31. Rxb4 cxb4 32. Kh1 Rb6 33. Qb3 Kh8 34. Rb1
Rb8 35. h3 Qb6 36. Qd3 Qa6 37. Qc2 Qb6 38. Qd3 Qa6 39. Qc2 Qb6 40. Nd2 Qf2 41.
Qb2 Qc5 42. Qb3 Qd4 43. Ne4 Qb6 44. Qb2 Qc7 45. Nd2 Bh4 46. Rf1 Qc5 47. Qc2 Qe3
48. Nb3 Rc8 49. Na5 Re8 50. Qg6 Ra8 51. Nb7 Qe2 52. Rg1 Qxc4 53. Nxd6 Qxd5 54.
Nf7+ Kg8 55. Nxh6+ Kf8 56. Qf5+ Bf6 57. Rc1 Qd2 58. Ra1 Rd8 59. Ng4 Qd3 60.
Qxd3 Rxd3 61. Rb1 Ra3 62. Nxf6 gxf6 63. Rxb4 Kf7 64. Rb7+ Kg6 65. Ra7 Ra1+ 66.
Kh2 f5 67. Ra6+ Kg5 68. Re6 Re1 69. g4 Re2+ 70. Kg1 fxg4 71. hxg4 Kh4 72. Kf1
Ra2 73. Rxe5 Rxa4 74. Kf2 Ra2+ 75. Re2 Ra1 76. Kg2 Rb1 77. Kh2 Rf1 78. Kg2 Rb1
79. Rf2 Ra1 80. Kh2 Ra3 81. Kg2 Ra1 82. Re2 Rb1 83. Kf2 Ra1 84. Rb2 Rc1 85. Ra2
Rb1 86. Rc2 Ra1 87. Rb2 Rc1 88. Ra2 1/2-1/2

[Event "2BLN 1718 SV Glückauf Rüdersdorf - SK"]
[Site "?"]
[Date "2018.01.21"]
[Round "5.6"]
[White "Wlodarczyk, Oskar"]
[Black "Wittje, Berthold"]
[Result "1/2-1/2"]
[WhiteElo "2283"]
[BlackElo "2225"]
[PlyCount "97"]
[EventDate "2018.??.??"]

1. e4 Nf6 2. e5 Nd5 3. d4 d6 4. c4 Nb6 5. exd6 exd6 6. Nc3 Nc6 7. Be3 Be7 8.
Bd3 O-O 9. b3 Re8 10. Nge2 Bg4 11. Qd2 d5 12. c5 Nc8 13. O-O Bf6 14. h3 Bxe2
15. Nxe2 N8e7 16. b4 a6 17. a3 Qd7 18. Qc2 Ng6 19. Rab1 Qe7 20. Qd2 Nf8 21. Bc2
Ne6 22. b5 axb5 23. Rxb5 Rxa3 24. Rxb7 Na5 25. Qb4 Rxe3 26. fxe3 Nxb7 27. Qxb7
Nd8 28. Qb3 Qxe3+ 29. Qxe3 Rxe3 30. Kf2 Ra3 31. Rb1 g6 32. Rb8 Kg7 33. Rc8 Ne6
34. Bd1 Nxd4 35. Rxc7 Bh4+ 36. g3 Rf3+ 37. Kg2 Rd3 38. Nxd4 Rxd4 39. Bg4 Rd2+
40. Kf3 Rd3+ 41. Ke2 Rxg3 42. Be6 Rg2+ 43. Kd3 Rf2 44. Bxd5 Rf5 45. Kc4 Bg3 46.
Re7 h5 47. c6 Rf1 48. Kd3 Rd1+ 49. Kc4 1/2-1/2

[Event "2BLN 1718 SV Glückauf Rüdersdorf - SK"]
[Site "?"]
[Date "2018.01.21"]
[Round "5.7"]
[White "Schuette, Marc"]
[Black "Dudzinski, Pawel"]
[Result "1/2-1/2"]
[WhiteElo "2135"]
[BlackElo "2234"]
[PlyCount "71"]
[EventDate "2018.??.??"]

1. e4 c6 2. Nc3 d5 3. Nf3 g6 4. d4 Bg7 5. h3 Nf6 6. e5 Ne4 7. Nxe4 dxe4 8. Ng5
c5 9. Bc4 O-O 10. Nxe4 cxd4 11. f4 Qb6 12. O-O d3+ 13. Kh1 dxc2 14. Qxc2 Bf5
15. Qe2 Nc6 16. Be3 Nd4 17. Bxd4 Qxd4 18. Ng5 Rac8 19. Rac1 h6 20. Rfd1 Qxf4
21. Nxf7 Kh7 22. Rf1 Qg3 23. Rc3 Qh4 24. g4 Bd7 25. Kh2 e6 26. Qd3 Rxc4 27.
Qxd7 Re4 28. Qxe6 Bxe5+ 29. Kg2 Re2+ 30. Kf3 Bxc3 31. Kxe2 Bxb2 32. Rf3 Bg7 33.
Qd7 Kg8 34. Qe6 Kh7 35. Qd7 Rg8 36. Qe6 1/2-1/2

[Event "2BLN 1718 SV Glückauf Rüdersdorf - SK"]
[Site "?"]
[Date "2018.01.21"]
[Round "5.8"]
[White "Szadkowski, Kamil"]
[Black "Wagner, Jan"]
[Result "0-1"]
[WhiteElo "2292"]
[BlackElo "2151"]
[PlyCount "46"]
[EventDate "2018.??.??"]

1. e4 g6 2. d4 Bg7 3. Nc3 a6 4. Bc4 e6 5. Nf3 b5 6. Bb3 d6 7. Qe2 Ne7 8. O-O
O-O 9. a4 b4 10. Na2 a5 11. c3 Ba6 12. Bc4 b3 13. Nb4 axb4 14. cxb4 Bxc4 15.
Qxc4 d5 16. exd5 Qxd5 17. Qxc7 Nbc6 18. b5 Rfc8 19. Qf4 Nxd4 20. Nxd4 Bxd4 21.
Be3 Nf5 22. Rfe1 Rc4 23. Rad1 Bxe3 0-1

[Event "2.BLN SK Zehlendorf-FC St. Pauli"]
[Site "?"]
[Date "2018.01.21"]
[Round "5.1"]
[White "Feuerstack, Aljoscha"]
[Black "Meister, Jakob"]
[Result "1/2-1/2"]
[WhiteElo "2442"]
[BlackElo "2432"]
[PlyCount "51"]
[EventDate "2018.01.21"]
[WhiteTeam "FC St. Pauli"]
[BlackTeam "SK Zehlendorf"]
[WhiteTeamCountry "GER"]
[BlackTeamCountry "GER"]

1. e4 c5 2. Nf3 Nf6 3. e5 Nd5 4. g3 Nc6 5. Bg2 d6 6. exd6 Qxd6 7. O-O Bg4 8. h3
Bxf3 9. Qxf3 e6 10. Nc3 Nf6 11. a3 Qd7 12. d3 Be7 13. Be3 O-O 14. Ne4 Nd4 15.
Nxf6+ Bxf6 16. Qd1 Rac8 17. c3 Nf5 18. Bf4 Rfd8 19. Re1 b6 20. Be4 Ne7 21. h4
Nd5 22. Bg5 h6 23. Bd2 Be7 24. Bg2 Nf6 25. Bf1 Qc7 26. Qf3 1/2-1/2

[Event "2.BLN SK Zehlendorf-FC St. Pauli"]
[Site "?"]
[Date "2018.01.21"]
[Round "5.2"]
[White "Malek, Daniel"]
[Black "Cuenca Jimenez, Jose Fernando"]
[Result "1/2-1/2"]
[WhiteElo "2402"]
[BlackElo "2489"]
[PlyCount "73"]
[EventDate "2018.01.21"]
[WhiteTeam "SK Zehlendorf"]
[BlackTeam "FC St. Pauli"]
[WhiteTeamCountry "GER"]
[BlackTeamCountry "ESP"]

1. d4 e6 2. c4 Nf6 3. Nf3 d5 4. Nc3 Bb4 5. Qa4+ Nc6 6. e3 O-O 7. Qc2 dxc4 8.
Bxc4 Bd6 9. O-O e5 10. h3 Qe7 11. a3 h6 12. b4 e4 13. Nd2 Bf5 14. Re1 Rae8 15.
Bb2 Qd7 16. Nb5 Ne7 17. Nf1 Ned5 18. Nxd6 cxd6 19. Qb3 Be6 20. b5 Nb6 21. Bxe6
Qxe6 22. Qxe6 fxe6 23. Rac1 Rc8 24. Nd2 d5 25. f3 exf3 26. gxf3 Na4 27. Ba1
Rxc1 28. Rxc1 Ne8 29. Bc3 Nc7 30. Bb4 Rf7 31. Kf2 Nxb5 32. Rc8+ Kh7 33. Re8 Nc7
34. Rb8 Nb5 35. Re8 Rf6 36. Be7 Rf7 37. Bb4 1/2-1/2

[Event "2.BLN SK Zehlendorf-FC St. Pauli"]
[Site "?"]
[Date "2018.01.21"]
[Round "5.3"]
[White "Socko, Monika"]
[Black "Lagunow, Raphael"]
[Result "1-0"]
[WhiteElo "2478"]
[BlackElo "2375"]
[PlyCount "69"]
[EventDate "2018.01.21"]
[WhiteTeam "FC St. Pauli"]
[BlackTeam "SK Zehlendorf"]
[WhiteTeamCountry "POL"]
[BlackTeamCountry "GER"]

1. e4 c5 2. Nf3 Nc6 3. Bb5 Na5 4. O-O a6 5. Be2 b5 6. a4 b4 7. d4 cxd4 8. Nxd4
e5 9. Nf3 Qc7 10. Qd5 Nc6 11. Bc4 d6 12. Ng5 Nh6 13. Be3 Bb7 14. Qd1 Nd8 15.
Nd2 Ng8 16. a5 h6 17. Bb6 Qd7 18. Bxd8 hxg5 19. Bxg5 Be7 20. Bxe7 Nxe7 21. Bb3
O-O 22. Qh5 g6 23. Qh4 Kg7 24. Rad1 Rh8 25. Qg3 Rad8 26. Nc4 Qc6 27. Nxd6 Rxd6
28. Qxe5+ Rf6 29. Qxe7 Re8 30. Qd7 Qxe4 31. f3 Qe3+ 32. Rf2 Bc6 33. Qd4 Qe7 34.
Bc4 Kg8 35. Re2 1-0

[Event "2.BLN SK Zehlendorf-FC St. Pauli"]
[Site "?"]
[Date "2018.01.21"]
[Round "5.4"]
[White "Stachowiak, Kamil"]
[Black "Voigt, Martin"]
[Result "1-0"]
[WhiteElo "2431"]
[BlackElo "2321"]
[PlyCount "119"]
[EventDate "2018.01.21"]
[WhiteTeam "SK Zehlendorf"]
[BlackTeam "FC St. Pauli"]
[WhiteTeamCountry "POL"]
[BlackTeamCountry "GER"]

1. d4 d5 2. Nf3 Nf6 3. c4 e6 4. Nc3 a6 5. cxd5 exd5 6. Bg5 Be6 7. e3 Nbd7 8.
Bd3 Bd6 9. Qc2 h6 10. Bh4 O-O 11. O-O c5 12. Bh7+ Kh8 13. Bf5 Rc8 14. Rad1 b5
15. dxc5 Rxc5 16. Bxe6 fxe6 17. Qb1 Qe8 18. Bg3 Bxg3 19. hxg3 Qh5 20. Rd4 Ng4
21. Nh4 Nde5 22. f4 Nxe3 23. Re1 N5g4 24. Qg6 Qxg6 25. Nxg6+ Kg8 26. Nxf8 Kxf8
27. Rd3 Kf7 28. Rc1 b4 29. Ne2 Ra5 30. a3 Nc4 31. axb4 Ra2 32. Rb1 Ra4 33. b3
Rxb4 34. Ra1 Nb2 35. Rf3 Re4 36. Nc3 Rb4 37. Rb1 Rxb3 38. Nxd5 Rxf3 39. gxf3
exd5 40. Rxb2 Nf6 41. Rb7+ Kg6 42. Kf2 Ng8 43. Rb6+ Kf7 44. Rxa6 h5 45. g4 g6
46. Kg3 Nf6 47. Kh4 hxg4 48. fxg4 Ne4 49. Kh3 Nc5 50. Rd6 Ne6 51. Kg3 d4 52.
Kf3 Ke7 53. Rd5 Kf6 54. Ke4 d3 55. g5+ Ke7 56. Ke3 Nc7 57. Rxd3 Ke6 58. Ra3 Kf5
59. Ra5+ Kg4 60. Ke4 1-0

[Event "2.BLN SK Zehlendorf-FC St. Pauli"]
[Site "?"]
[Date "2018.01.21"]
[Round "5.5"]
[White "Krause, Jonah"]
[Black "Lagunow, Alexander"]
[Result "0-1"]
[WhiteElo "2372"]
[BlackElo "2405"]
[PlyCount "88"]
[EventDate "2018.01.21"]
[WhiteTeam "FC St. Pauli"]
[BlackTeam "SK Zehlendorf"]
[WhiteTeamCountry "GER"]
[BlackTeamCountry "GER"]

1. d4 Nf6 2. c4 g6 3. Nc3 d5 4. Bg5 Ne4 5. Bh4 Nxc3 6. bxc3 c5 7. e3 Nc6 8. Nf3
Bg7 9. cxd5 Qxd5 10. Be2 cxd4 11. cxd4 O-O 12. O-O Bf5 13. Qb3 Qxb3 14. axb3
Rfc8 15. Rac1 e5 16. Rfd1 exd4 17. exd4 Nb4 18. Rxc8+ Rxc8 19. Bc4 Be6 20. Bxe6
fxe6 21. h3 h6 22. Ra1 a6 23. Re1 Kf7 24. Re4 Rc1+ 25. Kh2 Nd5 26. Nd2 b5 27.
Bg3 a5 28. Nf3 Rc3 29. Be5 Bf6 30. Bxf6 Kxf6 31. Ne5 Rxb3 32. Nd7+ Kf7 33. Nc5
Rc3 34. Nxe6 Rc8 35. Re5 a4 36. Rxd5 Kxe6 37. Rxb5 Ra8 38. Kg3 a3 39. Rb1 a2
40. Ra1 Kd5 41. Kg4 Kxd4 42. h4 Ra5 43. h5 gxh5+ 44. Kh4 Kc3 0-1